| 000 | 00570cam a2200193 a 4500 | ||
|---|---|---|---|
| 020 | _a9057024349 | ||
| 040 | _cVA@ | ||
| 082 | 0 | 0 | _a700 HAR 1999 A088 Or. |
| 100 | 1 | _aPick, John, | |
| 245 | 1 | 0 |
_aBuilding Jerusalem : _bart, industry, and the British millennium / |
| 260 |
_aAustralia : _bHarwood Academic, _cc1999. |
||
| 300 |
_axii, 312 p. : _bill. ; _c24 cm. |
||
| 650 | 0 | _aArt patronage | |
| 650 | 0 | _aArts | |
| 650 | 0 | _aArt and state | |
| 700 | 1 | _aAnderton, Malcolm Hey. | |
| 856 | 4 | 2 | _uhttp://www.loc.gov/catdir/enhancements/fy0653/2002421072-d.html |
| 942 | _cEK | ||
| 999 |
_c15828 _d15828 |
||